LEADER 01694nas 2200577-a 450 001 996205501003316 005 20210110033922.2 011 $a1179-5514 035 $a(DE-599)ZDB2628990-8 035 $a(OCoLC)650323962 035 $a(CKB)2550000000016460 035 $a(CONSER)--2010247819 035 $a(EXLCZ)992550000000016460 100 $a20091209a20109999 --- a 101 0 $aeng 135 $aur||||||||||| 181 $ctxt$2rdacontent 182 $cc$2rdamedia 183 $acr$2rdacarrier 200 00$aClinical medicine insights$iEndocrinology and diabetes 210 $aAuckland, N.Z. $cLibertas Academica 210 31$aThousand Oaks, CA :$cSAGE Publications 300 $aRefereed/Peer-reviewed 517 3 $aEndocrinology and diabetes 531 $aCLINICAL MEDICINE INSIGHTS 531 $aCLIN MED INSIGHTS ENDOCRINOL DIABETES 531 $aENG 531 1 $aClin. med. insights, Endocrinol. 606 $aEndocrinology$vPeriodicals 606 $aDiabetes$vPeriodicals 606 $aDiabetes$2fast$3(OCoLC)fst00892147 606 $aEndocrinology$2fast$3(OCoLC)fst00909749 606 $aEndocrinology 606 $aDiabetes Mellitus 608 $aFulltext. 608 $aInternet Resources. 608 $aPeriodicals. 608 $aPeriodicals.$2fast 608 $aPeriodical. 610 $aCardiovascular Diseases 615 0$aEndocrinology 615 0$aDiabetes 615 7$aDiabetes. 615 7$aEndocrinology. 615 12$aEndocrinology. 615 12$aDiabetes Mellitus. 676 $a616.4005 906 $aJOURNAL 912 $a996205501003316 996 $aClinical medicine insights$91939883 997 $aUNISA LEADER 01066nas 2200409 c 450 001 9910142104103321 005 20260218110331.0 035 $a(CKB)1000000000528761 035 $a(DE-599)ZDB2087251-3 035 $a(OCoLC)163891399 035 $a(OCoLC)645320374 035 $a(DE-101)023836261 035 $a(DE-599)2087251-3 035 $a(EXLCZ)991000000000528761 100 $a20020827b19972004 |y | 101 0 $ager 135 $aur||||||||||| 181 $ctxt$2rdacontent 182 $cc$2rdamedia 183 $acr$2rdacarrier 200 00$aArtechock$hKunstmagazin 210 31$aMu?nchen$cartechock kunst$d1997-2004 215 $aOnline-Ressource 300 $aGesehen am 24.05.05 517 1 $aArtechock / Kunstmagazin 517 1 $aArtechock-Kunstmagazin 517 1 $aArtechock Kunst 517 1 $aArteschock 608 $aZeitschrift$2gnd-content 676 $a700 801 0$b0012 801 1$bDE-101 801 2$b9999 906 $aJOURNAL 912 $a9910142104103321 996 $aArtechock$92268541 997 $aUNINA